LEADER 01236nam a2200277 a 4500 001 000000022041 003 CaOOAMICUS 005 20130911122659.0 008 950414s1937 it u000 u ita r 035 $a10549554 040 $aPUL(R)$bita 100 1 $aNardi, Enzo.$0(OLS)http://pul/name/4335 245 12$aI casi di indegnità nel diritto successorio romano /$cEnzo Nardi. 260 $aMilano :$bA. Giuffrè,$c1937. 300 $axv, 380 p. ;$c26 cm 490 1 $aPubblicazioni dell'Istituto di diritto romano e dei diritti dell'Oriente mediterraneo ;$v2 500 $aContiene indici. 504 $a"Bibliografia": p. [vii]-xii. 650 4$aEredità e successione (diritto romano).$0(OLS)http://pul/subject/2359 830 0$aPubblicazioni dell'Istituto di diritto romano e dei diritti dell'Oriente mediterraneo ;$v2.$0(OLS)http://pul/title/1482 850 $aPUL 852 $aPUL$W1$xDP2 Diritto e Scienze Sociali 1$y65$m187 G 7$j30974$nBK-PRI$qStampati$B30974$CPULBib$Z2$F30974 $82 941 1 $a8 961 $aPrecedenti collocazioni: 187 B 2. 996 $6245$aI casi di indegnità nel diritto successorio romano$9(OLS)http://pul/title/30783 996 $6260$aMilano :$bA. Giuffrè$9(OLS)http://pul/publisher/48096 LEADER 01128nam a2200289 a 4500 001 000000168345 003 CaOOAMICUS 005 20180618162601.0 008 180618s1997 it u000 u ita u 020 $a88-8319-046-7* 032 $aLibriCat 035 $a10775147 040 $aPUL$bita 100 1 $aDeriu, Fabrizio.$0(OLS)http://pul/name/108400 245 10$aGian Maria Volonté : $bil lavoro d'attore / $cFabrizio Deriu . 260 $aRoma :$bBulzoni,$c1997. 300 $aIV, 454 p. ; $c21 cm. 490 1 $aBiblioteca teatrale ;$v91 600 14$aVolonté, Gian Maria.$0(OLS)http://pul/subject/45491 830 0$aBiblioteca teatrale (Bulzoni editore) ;$v91.$0(OLS)http://pul/title/46031 850 $aPUL 852 $aPUL$W1$xDP1 Fondo Dalla Palma$y117$m8 A 14$j44101$qFondi$B196241$CPULBib$Z2$F196241 $HDal1349 $81 941 1 $a1 996 $6020$a88-8319-046-7*$9(OLS)http://pul/number/164373 996 $6245$aGian Maria Volonté : $bil lavoro d'attore / $9(OLS)http://pul/title/208664 996 $6260$aRoma :$bBulzoni$9(OLS)http://pul/publisher/48135